000
00246nam a2200097Ia 4500
001
1119947
005
20250827004614.0
008
250824s9999 xx 000 0 und d
245
0
_a
TUT ELİNİ 2-2 16
_c
LARA TUKSAL
260
_b
DESTEK YAYINLARI
999
_c
1119947
_d
1119947